000 00461nam a2200157Ia 4500
003 GCL
008 140319s9999 xx 000 0 ara d
040 _aGCL /
_cGCL
082 0 4 _a658.45
_bم م
245 1 0 _aمهارات الاتصال: فن الاستماع والحديث
300 _a159 ص
490 _aمهارات تطوير الاداء
_v0
650 0 4 _aادارة الاعمال
650 0 4 _aالاتصالات الادارية
942 _2ddc
_cBK
999 _c49681
_d49681